00418nam a22001097a 4500008004100000040005500041080001500096100001700111245010700128260006400235300000900299230425b |||||||| |||| 00| 0 eng d aNational Science LibrarycNational Science Library a523.72bL51 aSpender, J W aSydney solar tables: bTables for soalar position and radiation for sydney (Latitude 34 S) in SI units aAustralia: bCommonwealth Scientific and Industrial, c1975 a91p.